Cities around the world in 10 minutes #2 - Statistics

General Stats
  • This quiz has been taken 3 times
  • The average score is 1 of 10
Answer Stats
Population Answer % Correct
4.606 million Sydney
100%
216,405 Porto
33%
280,502 Bharatpur
0%
2.447 million Douala
0%
2.047 million Patna
0%
1.97 million Peshawar
0%
1.952 million Sapporo
0%
8.1 million Shenyang
0%
278,508 Toledo
0%
334,763 Varna
0%
No matching quizzes found
Score Distribution
Percent of People with Each Score
Percentile by Number Answered
Your Score History
You have not taken this quiz